[Event "Ruhrgebiet Verbandsliga Gruppe 2 1819"]
[Site "Nordrheinwestfalen"]
[Date "2019.02.03"]
[Round "6.4"]
[White "Holtkamp, Matthias"]
[Black "Helmert, Jochen"]
[Result "1-0"]
[WhiteElo "1918"]
[BlackElo "1900"]
[PlyCount "113"]
[EventDate "2018.09.23"]
[EventType "team-tourn"]
[EventRounds "9"]
[EventCountry "GER"]
[SourceTitle "EXT 2022"]
[Source "ChessBase"]
[SourceDate "2021.10.06"]
[SourceVersion "1"]
[SourceVersionDate "2021.10.06"]
[SourceQuality "1"]
[WhiteTeam "Gladbeck SG"]
[BlackTeam "Boenen SV"]
[WhiteTeamCountry "GER"]
[BlackTeamCountry "GER"]

1. d4 Nf6 2. c4 e6 3. Nf3 Bb4+ 4. Bd2 Qe7 5. g3 Ne4 6. Bg2 0-0 7. 0-0 Bxd2 8. Nbxd2 Nxd2 9. Qxd2 a5 10. Rac1 d6 11. Rc3 Nd7 12. Rfc1 e5 13. Ra3 exd4 14. Nxd4 Qe5 15. Nb5 Qc5 16. b4 Qb6 17. bxa5 Qc5 18. Rd3 Nf6 19. a3 Bf5 20. Rd4 Rab8 21. h3 Bd7 22. a4 Rfe8 23. e3 Re7 24. Qb2 Bc6 25. Rb1 h6 26. Nc3 Bxg2 27. Kxg2 Qxa5 28. Nd5 Nxd5 29. cxd5 b6 30. Rc1 Rbe8 31. Qc2 Qa8 32. Qd3 Qc8 33. Rdc4 Qa6 34. Qc2 Qb7 35. Rd1 Qa7 36. g4 g6 37. Rdd4 Qb7 38. Kg3 Ra8 39. Rc6 Ra5 40. Qb3 Qa6 41. Rc1 Qa8 42. e4 Qa7 43. Rb4 b5 44. Ra1 Qc5 45. Qb2 Re8 46. Rxb5 Rxb5 47. axb5 Qc4 48. f3 Qd3 49. Kg2 Qe3 50. Qc2 h5 51. Ra2 hxg4 52. hxg4 Qb6 53. Qc6 Qb8 54. Rc2 Re7 55. Ra2 Re8 56. Ra1 Kg7 57. Rh1 1-0

[Event "Ruhrgebiet Verbandsliga Gruppe 2 1819"]
[Site "Nordrheinwestfalen"]
[Date "2019.01.20"]
[Round "5.5"]
[White "Mecklenburg, Roland"]
[Black "Helmert, Jochen"]
[Result "1-0"]
[WhiteElo "1983"]
[BlackElo "1900"]
[PlyCount "67"]
[EventDate "2018.09.23"]
[EventType "team-tourn"]
[EventRounds "9"]
[EventCountry "GER"]
[SourceTitle "EXT 2022"]
[Source "ChessBase"]
[SourceDate "2021.10.06"]
[SourceVersion "1"]
[SourceVersionDate "2021.10.06"]
[SourceQuality "1"]
[WhiteTeam "Recklinghausen Sued"]
[BlackTeam "Boenen SV"]
[WhiteTeamCountry "GER"]
[BlackTeamCountry "GER"]

1. d4 Nf6 2. Bf4 e6 3. e3 c5 4. c3 Nc6 5. Nf3 d5 6. Nbd2 Bd6 7. Bg5 cxd4 8. exd4 h6 9. Bh4 Qe7 10. Bb5 e5 11. dxe5 Bxe5 12. Qe2 Bd6 13. Bxf6 Qxe2+ 14. Kxe2 gxf6 15. Rhe1 0-0 16. Kf1 Ne5 17. Nd4 a6 18. Be2 Kg7 19. N2f3 Ng6 20. Bd3 Bg4 21. Nf5+ Bxf5 22. Bxf5 Rfe8 23. Rad1 Ne7 24. Bd7 Red8 25. Ba4 f5 26. Bb3 Kf6 27. Bxd5 Rab8 28. Bb3 Ng6 29. g3 h5 30. Kg2 f4 31. Rd5 fxg3 32. hxg3 h4 33. Ng5 Kg7 34. Nxf7 1-0

[Event "Ruhrgebiet Verbandsliga Gruppe 2 1819"]
[Site "Nordrheinwestfalen"]
[Date "2018.12.02"]
[Round "4.5"]
[White "Helmert, Jochen"]
[Black "Niekrens, Stefan"]
[Result "1-0"]
[WhiteElo "1900"]
[BlackElo "2028"]
[PlyCount "69"]
[EventDate "2018.09.23"]
[EventType "team-tourn"]
[EventRounds "9"]
[EventCountry "GER"]
[SourceTitle "EXT 2022"]
[Source "ChessBase"]
[SourceDate "2021.10.06"]
[SourceVersion "1"]
[SourceVersionDate "2021.10.06"]
[SourceQuality "1"]
[WhiteTeam "Boenen SV"]
[BlackTeam "Bochum SV II"]
[WhiteTeamCountry "GER"]
[BlackTeamCountry "GER"]

1. e4 d5 2. exd5 Nf6 3. c4 e6 4. dxe6 Bxe6 5. d4 Bb4+ 6. Bd2 Bxd2+ 7. Qxd2 Qe7 8. Qe2 Nc6 9. Nf3 0-0-0 10. d5 Rhe8 11. Nc3 Bxd5 12. 0-0-0 Qc5 13. Qd3 Bxf3 14. Qxf3 Qg5+ 15. Kb1 Rxd1+ 16. Qxd1 Qf5+ 17. Bd3 Qxf2 18. Qf1 Qxf1+ 19. Rxf1 Nd4 20. c5 Re5 21. Bc4 Ne6 22. b4 a5 23. a3 axb4 24. axb4 Ne4 25. Kc2 Nxc3 26. Kxc3 f6 27. Ra1 c6 28. Ra8+ Kd7 29. Rg8 Rg5 30. g3 Nd8 31. Bd3 h6 32. g4 Ke7 33. Bf5 Nf7 34. h4 Rxf5 35. gxf5 1-0

[Event "Ruhrgebiet Verbandsliga Gruppe 1 1718"]
[Site "Germany"]
[Date "2018.02.25"]
[Round "7.6"]
[White "Helmert, Jochen"]
[Black "Biermann, Klaus"]
[Result "1/2-1/2"]
[WhiteElo "1875"]
[BlackElo "1917"]
[PlyCount "151"]
[EventDate "2017.09.17"]
[EventType "team-tourn"]
[EventRounds "9"]
[EventCountry "GER"]
[SourceTitle "EXT 2022"]
[Source "ChessBase"]
[SourceDate "2021.10.06"]
[SourceVersion "1"]
[SourceVersionDate "2021.10.06"]
[SourceQuality "1"]
[WhiteTeam "Boenen SV"]
[BlackTeam "Essen Werden"]
[WhiteTeamCountry "GER"]
[BlackTeamCountry "GER"]

1. e4 c5 2. Nf3 d6 3. Bb5+ Bd7 4. Bxd7+ Qxd7 5. 0-0 g6 6. c3 Bg7 7. d4 e5 8. d5 Ne7 9. c4 0-0 10. Nc3 h6 11. Ne1 f5 12. f3 Na6 13. Rb1 Nc7 14. Nd3 Ne8 15. b4 b6 16. bxc5 bxc5 17. Qa4 Qxa4 18. Nxa4 fxe4 19. fxe4 Rxf1+ 20. Kxf1 Nf6 21. Nc3 Rf8 22. Kg1 Nc8 23. Rb7 Rf7 24. Rxf7 Kxf7 25. g3 g5 26. Kg2 Bf8 27. Kf3 Kg6 28. g4 Be7 29. Be3 Nd7 30. Ne2 Bd8 31. Bd2 h5 32. gxh5+ Kxh5 33. Ng3+ Kh4 34. Nf5+ Kh5 35. h3 Kg6 36. Bc3 Bf6 37. Bd2 Bd8 38. Bc3 Bf6 39. Ba5 Be7 40. Bc7 Bf8 41. Nf2 Ndb6 42. Ne3 Na8 43. Ba5 Nab6 44. Nfd1 Kh5 45. Nc3 Ne7 46. Nb5 Nbc8 47. Nc7 Ng6 48. Ne6 Be7 49. Nf5 Nh4+ 50. Kg3 Nxf5+ 51. exf5 Bf6 52. Kf3 Kh4 53. Bd2 Nb6 54. Kg2 Nxc4 55. Be1+ Kh5 56. Kf3 Nb6 57. Nc7 Be7 58. Ke4 Nd7 59. Kf3 Nf6 60. a4 c4 61. a5 c3 62. Bxc3 Kh4 63. Kg2 g4 64. Be1+ Kg5 65. a6 gxh3+ 66. Kxh3 Kxf5 67. Bf2 Ke4 68. Bxa7 Nxd5 69. Nb5 Nb4 70. Bb8 Nxa6 71. Bxd6 Bxd6 72. Nxd6+ Kd5 73. Nf5 Nc7 74. Kg3 Ne6 75. Ne7+ Kc5 76. Kf3 1/2-1/2

[Event "Ruhrgebiet Verbandsklasse Gruppe 2 1516"]
[Site "Germany"]
[Date "2015.09.27"]
[Round "2.4"]
[White "Helmert, Jochen"]
[Black "Linde, Karl Heinz"]
[Result "1-0"]
[WhiteElo "1883"]
[BlackElo "1470"]
[PlyCount "35"]
[EventDate "2015.09.06"]
[EventType "team-tourn"]
[EventRounds "9"]
[EventCountry "GER"]
[SourceTitle "EXT 2022"]
[Source "ChessBase"]
[SourceDate "2021.10.06"]
[SourceVersion "1"]
[SourceVersionDate "2021.10.06"]
[SourceQuality "1"]
[WhiteTeam "Boenen SV"]
[BlackTeam "Ickern"]
[WhiteTeamCountry "GER"]
[BlackTeamCountry "GER"]

1. e4 e5 2. Nf3 Nc6 3. Bb5 a6 4. Ba4 Bc5 5. 0-0 d6 6. c3 b5 7. Bb3 Nf6 8. d3 h6 9. a4 Bg4 10. axb5 axb5 11. Rxa8 Qxa8 12. h3 Bxf3 13. Qxf3 0-0 14. Bxh6 gxh6 15. Qxf6 Kh7 16. Bxf7 Nd8 17. Qg6+ Kh8 18. Qxh6# 1-0

[Event "Ruhrgebiet Verbandsklasse Gruppe 3 1415"]
[Site "Germany"]
[Date "2015.03.29"]
[Round "8.5"]
[White "Winterkamp, Sascha"]
[Black "Helmert, Jochen"]
[Result "0-1"]
[WhiteElo "1970"]
[BlackElo "1878"]
[PlyCount "90"]
[EventDate "2014.09.21"]
[EventType "team-tourn"]
[EventRounds "9"]
[EventCountry "GER"]
[SourceTitle "EXT 2022"]
[Source "ChessBase"]
[SourceDate "2021.10.06"]
[SourceVersion "1"]
[SourceVersionDate "2021.10.06"]
[SourceQuality "1"]
[WhiteTeam "Wanne-Eickel SV Unser Fritz"]
[BlackTeam "Boenen SV"]
[WhiteTeamCountry "GER"]
[BlackTeamCountry "GER"]

1. d4 Nf6 2. Nf3 e6 3. Bg5 c5 4. e3 Qb6 5. Bxf6 Qxb2 6. Nbd2 gxf6 7. Rb1 Qc3 8. Be2 cxd4 9. 0-0 Qc7 10. Nxd4 a6 11. Bd3 Nc6 12. Ne4 Be7 13. Qf3 Qe5 14. Nxc6 dxc6 15. Nd2 Qc5 16. Nc4 Bd8 17. Qg3 b5 18. Nd6+ Kf8 19. Ne4 Qe7 20. Qf4 f5 21. Ng3 h5 22. Qd4 e5 23. Qc3 Qf6 24. Be2 e4 25. Qxf6 Bxf6 26. Nxh5 Be5 27. f4 Bc3 28. Rfd1 Ke7 29. Ng3 Be6 30. a3 Rad8 31. Rxd8 Rxd8 32. Rd1 Bb2 33. h4 Rxd1+ 34. Bxd1 Bxa3 35. c3 Bb2 36. Ne2 c5 37. Bc2 a5 38. g4 a4 39. gxf5 Bc4 40. Ng3 a3 41. Bb1 Bd3 42. Ba2 Bxc3 43. Kf2 c4 44. Ne2 Bf6 45. h5 Bh4+ 0-1

[Event "Ruhrgebiet Verbandsklasse Gruppe 3 1415"]
[Site "Germany"]
[Date "2014.10.19"]
[Round "2.4"]
[White "Helmert, Jochen"]
[Black "Wloka, Sebastian"]
[Result "0-1"]
[WhiteElo "1889"]
[BlackElo "1829"]
[PlyCount "66"]
[EventDate "2014.09.21"]
[EventType "team-tourn"]
[EventRounds "9"]
[EventCountry "GER"]
[SourceTitle "EXT 2022"]
[Source "ChessBase"]
[SourceDate "2021.10.06"]
[SourceVersion "1"]
[SourceVersionDate "2021.10.06"]
[SourceQuality "1"]
[WhiteTeam "Boenen SV"]
[BlackTeam "Eichlinghofen SV"]
[WhiteTeamCountry "GER"]
[BlackTeamCountry "GER"]

1. e4 c5 2. Nf3 Nc6 3. Bb5 e6 4. Bxc6 bxc6 5. 0-0 d5 6. e5 Ne7 7. d3 Ng6 8. Re1 Be7 9. Nbd2 0-0 10. b3 f6 11. Bb2 fxe5 12. Nxe5 Nxe5 13. Bxe5 Bf6 14. Nf3 Bd7 15. Qe2 Qe7 16. c4 Be8 17. Bxf6 Rxf6 18. Ne5 Rh6 19. Qe3 a5 20. Rab1 a4 21. bxa4 d4 22. Qf3 Qc7 23. h3 Rxa4 24. Ng4 Rg6 25. Re4 h5 26. Ne5 Rf6 27. Qe2 Qa7 28. Rb2 Rb4 29. Nf3 Bg6 30. Rxe6 Rxb2 31. Re8+ Bxe8 32. Qxe8+ Rf8 33. Qxh5 Rb1+ 0-1

[Event "NRW Verbandsklasse Group3 1314"]
[Site "Nordrheinwestfalen"]
[Date "2014.04.06"]
[Round "9"]
[White "Helmert, Jochen"]
[Black "Vengels, Joachim"]
[Result "0-1"]
[WhiteElo "1903"]
[BlackElo "1986"]
[PlyCount "90"]
[EventDate "2013.09.08"]
[EventType "team-tourn"]
[EventRounds "9"]
[EventCountry "GER"]
[SourceTitle "EXT 2020"]
[Source "ChessBase"]
[SourceDate "2019.10.17"]
[SourceVersion "1"]
[SourceVersionDate "2019.10.17"]
[SourceQuality "1"]
[WhiteTeam "Boenen SV"]
[BlackTeam "Hervest Dorsten"]
[WhiteTeamCountry "GER"]
[BlackTeamCountry "GER"]

1. e4 c6 2. d4 d5 3. exd5 cxd5 4. c4 Nf6 5. Nc3 Nc6 6. Bg5 dxc4 7. d5 Ne5 8. Qd4 Nd3+ 9. Bxd3 cxd3 10. Qxd3 g6 11. Nf3 Bg7 12. 0-0 0-0 13. Rad1 Re8 14. Qc4 h6 15. Bf4 Bg4 16. Qe2 Qb6 17. h3 Bxf3 18. Qxf3 Nh5 19. Bc1 Red8 20. Rfe1 Rd7 21. d6 exd6 22. Nd5 Qd8 23. b3 Kh7 24. Re2 Nf6 25. Rde1 Nxd5 26. Qxd5 Bf6 27. Re8 Qxe8 28. Rxe8 Rxe8 29. Be3 a6 30. g3 Re5 31. Qd3 d5 32. Bd4 Re6 33. Bxf6 Rxf6 34. Qd4 Re6 35. Kg2 Re4 36. Qd3 h5 37. Kf3 f5 38. h4 d4 39. Kg2 Re6 40. Kf3 Rc6 41. Ke2 Rc3 42. Qd2 d3+ 43. Kd1 Rc2 44. Qe3 Re2 45. Qc5 d2 0-1

[Event "NRW Verbandsklasse Group3 1314"]
[Site "Nordrheinwestfalen"]
[Date "2014.03.09"]
[Round "8.5"]
[White "Isdepski, Marcus"]
[Black "Helmert, Jochen"]
[Result "1/2-1/2"]
[WhiteElo "1835"]
[BlackElo "1903"]
[PlyCount "53"]
[EventDate "2013.09.08"]
[EventType "team-tourn"]
[EventRounds "9"]
[EventCountry "GER"]
[SourceTitle "EXT 2020"]
[Source "ChessBase"]
[SourceDate "2019.10.17"]
[SourceVersion "1"]
[SourceVersionDate "2019.10.17"]
[SourceQuality "1"]
[WhiteTeam "Weisse Dame Borbeck II"]
[BlackTeam "Boenen SV"]
[WhiteTeamCountry "GER"]
[BlackTeamCountry "GER"]

1. e4 e5 2. Nf3 Nf6 3. d4 Nxe4 4. dxe5 d5 5. exd6 Bxd6 6. Bd3 Nf6 7. 0-0 0-0 8. Bg5 Nc6 9. Nbd2 Bg4 10. h3 Be6 11. Bxf6 Qxf6 12. Ne4 Qe7 13. Nxd6 Qxd6 14. Ng5 h6 15. Nxe6 Qxe6 16. Re1 Qf6 17. c3 Ne5 18. Be4 Rad8 19. Qc2 b6 20. Rad1 g6 21. Qc1 Kg7 22. b3 Rd7 23. f4 Rxd1 24. Rxd1 Nc6 25. Qe3 Rd8 26. Rf1 Rd6 27. b4 1/2-1/2

[Event "NRW Verbandsklasse Group3 1314"]
[Site "Nordrheinwestfalen"]
[Date "2013.11.24"]
[Round "4.5"]
[White "Kuerschners, Stefan"]
[Black "Helmert, Jochen"]
[Result "1/2-1/2"]
[WhiteElo "1975"]
[BlackElo "1903"]
[PlyCount "56"]
[EventDate "2013.09.08"]
[EventType "team-tourn"]
[EventRounds "9"]
[EventCountry "GER"]
[SourceTitle "EXT 2020"]
[Source "ChessBase"]
[SourceDate "2019.10.17"]
[SourceVersion "1"]
[SourceVersionDate "2019.10.17"]
[SourceQuality "1"]
[WhiteTeam "Oberhausen SV II"]
[BlackTeam "Boenen SV"]
[WhiteTeamCountry "GER"]
[BlackTeamCountry "GER"]

1. e4 d6 2. d4 Nf6 3. Nc3 g6 4. g3 Bg7 5. Bg2 0-0 6. Nge2 Nc6 7. 0-0 e5 8. dxe5 dxe5 9. Nd5 Nxd5 10. exd5 Nd4 11. c3 Nf5 12. Qb3 Nd6 13. Be3 b6 14. c4 Bf5 15. Rfd1 Qd7 16. Rac1 Bh3 17. Bh1 f5 18. f4 Bg4 19. Re1 Bxe2 20. Rxe2 Rae8 21. Rce1 e4 22. Qc2 c5 23. Rd1 a5 24. Bg2 h5 25. a3 Ra8 26. Red2 Bf6 27. Kh1 Rfb8 28. Bf1 Kf7 1/2-1/2

[Event "Ruhrgebiet VK2 1213"]
[Site "Nordrheinwestfalen"]
[Date "2013.02.24"]
[Round "7"]
[White "Schmitz, Juergen"]
[Black "Helmert, Jochen"]
[Result "1/2-1/2"]
[WhiteElo "1901"]
[BlackElo "1900"]
[PlyCount "138"]
[EventDate "2012.09.02"]
[EventType "team-tourn"]
[EventRounds "9"]
[EventCountry "GER"]
[SourceTitle "EXT 2020"]
[Source "ChessBase"]
[SourceDate "2019.10.17"]
[SourceVersion "1"]
[SourceVersionDate "2019.10.17"]
[SourceQuality "1"]
[WhiteTeam "Rochade Steele/Kray"]
[BlackTeam "Boenen SV"]
[WhiteTeamCountry "GER"]
[BlackTeamCountry "GER"]

1. e4 e5 2. Bc4 Nf6 3. Nc3 Nxe4 4. Nxe4 d5 5. Qh5 dxc4 6. Qxe5+ Qe7 7. Nf3 Nc6 8. Qxe7+ Bxe7 9. 0-0 0-0 10. b3 Bf5 11. Re1 Nb4 12. Nd4 Bxe4 13. Rxe4 Bf6 14. c3 Rfe8 15. Rxe8+ Rxe8 16. Ba3 Nd3 17. bxc4 c5 18. Nf3 g5 19. h3 h5 20. Kf1 b6 21. Ne1 Ne5 22. d3 Rd8 23. Ke2 Ng6 24. Bb2 Nf4+ 25. Ke3 Re8+ 26. Kf3 Ng6 27. d4 Nh4+ 28. Kg3 cxd4 29. cxd4 Rc8 30. Rc1 Nf5+ 31. Kf3 Bxd4 32. Bxd4 Nxd4+ 33. Ke4 Ne6 34. Nd3 Kf8 35. a4 Ke7 36. g3 Rd8 37. Ne5 Rd6 38. Kf5 f6 39. Nf3 Kf7 40. Ke4 Nc5+ 41. Ke3 Rd3+ 42. Ke2 Ra3 43. a5 Rxa5 44. Nd4 Ra2+ 45. Ke3 Ra3+ 46. Ke2 Rd3 47. Nc6 Rd7 48. Ra1 a5 49. Rb1 Na4 50. Rc1 Ke6 51. Ke3 Kd6 52. Nd4 Re7+ 53. Kd3 Rd7 54. Ke4 Kc5 55. Ne6+ Kb4 56. Kf5 Rd6 57. Nc7 Kb3 58. Nd5 Nb2 59. Rc3+ Ka2 60. Nxf6 Rc6 61. Kxg5 Rc5+ 62. Kg6 Nxc4 63. Ne4 Ne5+ 64. Kxh5 Rxc3 65. Nxc3+ Kb3 66. f4 Nd7 67. Nb5 Kb4 68. Nd4 a4 69. g4 Kc3 1/2-1/2

[Event "Ruhrgebiet VK2 0910"]
[Site "Ruhrgebiet"]
[Date "2009.10.04"]
[Round "2.1"]
[White "Unteregge, Michael"]
[Black "Helmert, Jochen"]
[Result "1-0"]
[WhiteElo "1914"]
[BlackElo "1897"]
[PlyCount "65"]
[EventDate "2009.09.06"]
[EventType "team"]
[EventRounds "9"]
[EventCountry "GER"]
[SourceTitle "EXT 2011"]
[Source "ChessBase"]
[SourceDate "2010.11.26"]
[SourceVersion "1"]
[SourceVersionDate "2010.11.26"]
[SourceQuality "1"]
[WhiteTeam "Germania Kupferdreh"]
[BlackTeam "Unna SV"]
[WhiteTeamCountry "GER"]
[BlackTeamCountry "GER"]

1. Nf3 d5 2. d4 Nf6 3. c4 e6 4. Nc3 Bb4 5. Bg5 dxc4 6. e4 c5 7. Bxc4 cxd4 8. Nxd4 Bxc3+ 9. bxc3 Qa5 10. Bb5+ Nbd7 11. Bxf6 Qxc3+ 12. Kf1 gxf6 13. h4 Ke7 14. Be2 a6 15. Rh3 Qa5 16. Rg3 Ne5 17. Nb3 Qb4 18. Qc2 Bd7 19. Rd1 Rac8 20. Qb1 Rc7 21. Rd4 Qb6 22. Qd1 Bb5 23. Bxb5 Qxb5+ 24. Kg1 Rhc8 25. h5 Rc3 26. Rg7 a5 27. f4 a4 28. fxe5 Kf8 29. h6 Qb6 30. Kh2 axb3 31. Rd7 Qc5 32. Rdxf7+ Ke8 33. Qd7# 1-0

[Event "Ruhrgebiet VK2 0708"]
[Site "Germany"]
[Date "2008.01.20"]
[Round "5.2"]
[White "Helmert, Jochen"]
[Black "Bauch, Ralf"]
[Result "1-0"]
[WhiteElo "1946"]
[BlackElo "2103"]
[PlyCount "81"]
[EventDate "2007.09.16"]
[EventType "team"]
[EventRounds "9"]
[EventCountry "GER"]
[SourceTitle "EXT 2009"]
[Source "ChessBase"]
[SourceDate "2008.11.26"]
[SourceVersion "1"]
[SourceVersionDate "2008.11.26"]
[SourceQuality "1"]
[WhiteTeam "Unna SV"]
[BlackTeam "Brambauer II"]
[WhiteTeamCountry "GER"]
[BlackTeamCountry "GER"]

1. e4 d5 2. exd5 Qxd5 3. Nc3 Qa5 4. d4 Nf6 5. Nf3 Bg4 6. Bc4 Nc6 7. h3 Bxf3 8. Qxf3 0-0-0 9. Be3 e5 10. Qf5+ Kb8 11. dxe5 Nxe5 12. Be2 Bb4 13. 0-0 Bxc3 14. bxc3 Qxc3 15. Rad1 Rhe8 16. Bb5 c6 17. Rxd8+ Rxd8 18. Bf4 Re8 19. Rd1 Kc7 20. Bf1 Re7 21. Rd3 Qa1 22. Re3 Nfd7 23. Qxh7 Kd8 24. Qh8+ Re8 25. Qh4+ f6 26. Qh7 Qxa2 27. Qxg7 Rg8 28. Qh7 Qf7 29. Qe4 Re8 30. Qa4 a6 31. Qa5+ Kc8 32. Bd3 Qd5 33. Qxd5 cxd5 34. Bf5 Kc7 35. h4 Kd6 36. h5 Rh8 37. g4 Nc5 38. h6 d4 39. Rh3 Ke7 40. Bxe5 fxe5 41. g5 1-0

[Event "Ruhrgebiet VK2 0708"]
[Site "Germany"]
[Date "2007.10.21"]
[Round "2.2"]
[White "Beer, Klaus"]
[Black "Helmert, Jochen"]
[Result "1/2-1/2"]
[WhiteElo "1866"]
[BlackElo "1946"]
[PlyCount "128"]
[EventDate "2007.09.16"]
[EventType "team"]
[EventRounds "9"]
[EventCountry "GER"]
[SourceTitle "EXT 2009"]
[Source "ChessBase"]
[SourceDate "2008.11.26"]
[SourceVersion "1"]
[SourceVersionDate "2008.11.26"]
[SourceQuality "1"]
[WhiteTeam "Altstadt RE II"]
[BlackTeam "Unna SV"]
[WhiteTeamCountry "GER"]
[BlackTeamCountry "GER"]

1. e4 e5 2. Nf3 Nf6 3. Nc3 Bb4 4. Bc4 Nc6 5. 0-0 0-0 6. a3 Bxc3 7. dxc3 d6 8. Bg5 h6 9. Bh4 Qe7 10. h3 Be6 11. Bd3 Nd8 12. Qe2 Bd7 13. Nh2 g5 14. Bg3 Ne6 15. h4 Nf4 16. Bxf4 gxf4 17. g4 Nh7 18. h5 Qh4 19. f3 Ng5 20. Qg2 Nh3+ 21. Kh1 Kh8 22. Rfe1 Rg8 23. Bf1 Ng5 24. Be2 Rg7 25. b4 Rag8 26. Rg1 Nh3 27. Rge1 Bc6 28. c4 Ng5 29. c3 Ne6 30. Rg1 Rg5 31. Qf1 Ng7 32. Qe1 Qxe1 33. Raxe1 Ne6 34. Nf1 Kg7 35. Nd2 Kf6 36. Nb3 b6 37. Ra1 Ba4 38. Nd2 Bd7 39. a4 Ra8 40. Rgd1 Rgg8 41. a5 Rgb8 42. Nb3 Bc6 43. Ra2 Ke7 44. b5 Bb7 45. Rda1 f6 46. Kg2 Rd8 47. Kf2 c6 48. axb6 axb6 49. Ra7 Rxa7 50. Rxa7 Rd7 51. bxc6 Bxc6 52. Ra6 Rb7 53. Ra8 Nd8 54. Bf1 Kd7 55. Nc1 Kc7 56. Nd3 Rb8 57. Ra7+ Rb7 58. Ra6 Rb8 59. Nb4 Ra8 60. Rxa8 Bxa8 61. Nd5+ Bxd5 62. exd5 Nf7 63. Ke1 Ng5 64. Kd2 Kb7 1/2-1/2

[Event "Ruhrgebiet VL1 0001"]
[Site "Ruhrgebiet"]
[Date "2001.05.13"]
[Round "9"]
[White "Belic, Zivko"]
[Black "Helmert, Jochen"]
[Result "1/2-1/2"]
[WhiteElo "1906"]
[BlackElo "1988"]
[PlyCount "22"]
[EventDate "2000.09.17"]
[EventType "team-tourn"]
[EventRounds "9"]
[EventCountry "GER"]
[SourceTitle "EXT 2023"]
[Source "ChessBase"]
[SourceDate "2022.10.05"]
[SourceVersion "1"]
[SourceVersionDate "2022.10.05"]
[SourceQuality "1"]
[WhiteTeam "Dortmund Kleiner Koenig"]
[BlackTeam "Kamen"]
[WhiteTeamCountry "GER"]
[BlackTeamCountry "GER"]

1. e4 d6 2. d4 Nf6 3. Nc3 g6 4. f4 Bg7 5. Nf3 0-0 6. e5 dxe5 7. fxe5 Nd5 8. Bc4 Nb6 9. Be2 Nc6 10. Ne4 Bg4 11. c3 f6 1/2-1/2

[Event "Ruhrgebiet VL1 0001"]
[Site "Ruhrgebiet"]
[Date "2000.12.10"]
[Round "4"]
[White "Meyer, Friedel"]
[Black "Helmert, Jochen"]
[Result "1/2-1/2"]
[WhiteElo "1823"]
[BlackElo "1988"]
[PlyCount "38"]
[EventDate "2000.09.17"]
[EventType "team-tourn"]
[EventRounds "9"]
[EventCountry "GER"]
[SourceTitle "EXT 2023"]
[Source "ChessBase"]
[SourceDate "2022.10.05"]
[SourceVersion "1"]
[SourceVersionDate "2022.10.05"]
[SourceQuality "1"]
[WhiteTeam "Muelheim Stadtgrenze"]
[BlackTeam "Kamen"]
[WhiteTeamCountry "GER"]
[BlackTeamCountry "GER"]

1. e4 e5 2. Nf3 Nf6 3. Nc3 Bb4 4. d3 Nc6 5. Bd2 d5 6. exd5 Nxd5 7. Nxd5 Bxd2+ 8. Qxd2 Qxd5 9. Be2 0-0 10. 0-0 h6 11. b3 Bg4 12. Rad1 Qc5 13. c3 Rad8 14. b4 Qb6 15. a4 a5 16. b5 e4 17. Ne1 Bxe2 18. Qxe2 exd3 19. Nxd3 Rde8 1/2-1/2

[Event "Ruhrgebiet VL,VK 9900 Relegation1"]
[Site "Ruhrgebiet"]
[Date "2000.??.??"]
[Round "?"]
[White "Helmert, Jochen"]
[Black "Thelen, Thomas"]
[Result "1/2-1/2"]
[WhiteElo "2016"]
[BlackElo "2049"]
[PlyCount "66"]
[EventDate "2000.??.??"]
[EventType "team-tourn"]
[EventRounds "3"]
[EventCountry "GER"]
[SourceTitle "EXT 2024"]
[Source "ChessBase"]
[SourceDate "2023.10.10"]
[SourceVersion "1"]
[SourceVersionDate "2023.10.10"]
[SourceQuality "1"]
[WhiteTeam "Kamen SV"]
[BlackTeam "Wattenscheid SV III"]
[WhiteTeamCountry "GER"]
[BlackTeamCountry "GER"]

1. e4 c5 2. Nf3 a6 3. d4 cxd4 4. Nxd4 d6 5. Nc3 Nf6 6. Be2 e5 7. Nb3 Be6 8. 0-0 Nbd7 9. f4 Rc8 10. Qe1 b5 11. Bd3 Be7 12. Kh1 0-0 13. Ne2 d5 14. exd5 Bxd5 15. Ng3 Nc5 16. Bf5 e4 17. Bxc8 Qxc8 18. Nd4 Ng4 19. Ndf5 Bf6 20. h3 Nh6 21. Nxh6+ gxh6 22. Nh5 Qf5 23. Nxf6+ Qxf6 24. Bd2 e3 25. Qg3+ Qg6 26. Qxg6+ hxg6 27. Bxe3 Ne4 28. Kh2 f5 29. Rfd1 Bc6 30. Bd4 g5 31. Be5 g4 32. Rd3 g3+ 33. Rxg3+ Nxg3 1/2-1/2